000 01344nam a2200325 a 4500
003 BLK
005 20230621142314.0
008 180412b bul|||||r ||||||| ||bul||
010 _aKNG00000958000
040 _aBLK
041 _aBUL
_cBUL
080 _aАмериканска литература (на САЩ)
_b821.111(73)
_x-31
_z821.111(73)-31
100 1 _aРипли, Александра
_eпърви автор
_9116268
139 _aРипли, Александра
_bР 63
245 1 0 _aДжинерва
_bРоман : Кн. 1 -
_cАлександра Рипли; прев. от англ. на том Антония Терзиева.
_nКн. 1
257 _aUSA
260 _aСофия
_bПрозорец
_c1994 -
300 _a319 с.
_c20 см
380 _aX
500 _aОриг. загл. The time returns / Alexandra Ripley.
700 1 _aТерзиева, Антония
_eпрев. от англ. на том
_9242601
760 1 _aРипли, Александра
_d1994
_h319 с.
_nНа гърба на загл. с. погрешно означен прев. Станимир Ботев
_tКн. 1
852 _aЦб 176491
_bЦб
856 4 _qpdf
_u
856 4 _qpdf
_u
942 _cKNG
_n0
944 _aCR
_c15.01.2003
_kНаталия_Медовщикова
944 _aED
_c22.02.2008
999 _c554
_d554
999 _d554